[Event "Concordia op 5th"]
[Site "Concordia"]
[Date "2019.05.04"]
[Round "8"]
[White "Germano, Paulo Roberto"]
[Black "Serafim Junior, Arnor"]
[Result "1-0"]
[WhiteElo "1513"]
[BlackElo "1821"]
[PlyCount "53"]
[EventDate "2019.05.01"]
[EventType "swiss"]
[EventRounds "9"]
[EventCountry "BRA"]
[SourceTitle "CBM 190 Extra"]
[Source "ChessBase"]
[SourceDate "2019.07.15"]
[SourceVersion "1"]
[SourceVersionDate "2019.07.15"]
[SourceQuality "1"]

1. e4 c5 2. e5 d5 3. f4 Bf5 4. c4 Nc6 5. Nf3 e6 6. a3 Nge7 7. Be2 Ng6 8. cxd5 Qxd5 9. Nc3 Qd7 10. d3 Be7 11. 0-0 Rd8 12. Ne4 Nd4 13. Nfd2 Nxe2+ 14. Qxe2 Qxd3 15. Qf3 0-0 16. g3 Rd7 17. Kg2 Rfd8 18. h3 Rd4 19. Nf2 Qa6 20. Nde4 Bxh3+ 21. Nxh3 Qc4 22. Nhf2 Rd3 23. Nxd3 Rxd3 24. Be3 Qc2+ 25. Rf2 Qb3 26. Nc3 h5 27. Rd1 1-0

[Event "Concordia op 5th"]
[Site "Concordia"]
[Date "2019.05.03"]
[Round "6"]
[White "Germano, Paulo Roberto"]
[Black "Vasilyev, Lev"]
[Result "1-0"]
[WhiteElo "1513"]
[BlackElo "1212"]
[PlyCount "83"]
[EventDate "2019.05.01"]
[EventType "swiss"]
[EventRounds "9"]
[EventCountry "BRA"]
[SourceTitle "CBM 190 Extra"]
[Source "ChessBase"]
[SourceDate "2019.07.15"]
[SourceVersion "1"]
[SourceVersionDate "2019.07.15"]
[SourceQuality "1"]

1. e4 c5 2. e5 e6 3. f4 Ne7 4. c4 Nf5 5. Nf3 Nc6 6. Nc3 b6 7. g3 Bb7 8. Bg2 Be7 9. 0-0 0-0 10. d3 f6 11. Ne4 fxe5 12. fxe5 Qc7 13. Bf4 Rad8 14. Qd2 a6 15. g4 Nh4 16. Nxh4 Bxh4 17. Nd6 Ba8 18. Bg5 Bxg5 19. Qxg5 Nb4 20. Be4 Nc2 21. Rxf8+ Rxf8 22. Rf1 Bxe4 23. Rxf8+ Kxf8 24. Qf4+ Bf5 25. gxf5 Kg8 26. f6 Qd8 27. Qg5 Qf8 28. f7+ Kh8 29. h4 Ne1 30. Qg3 Nc2 31. h5 Nd4 32. Qf2 h6 33. Kh2 Nc6 34. Qf4 Nb4 35. Qe4 Nc6 36. a3 Qe7 37. Qf4 Qf8 38. Nc8 b5 39. Nb6 Nb8 40. Nc8 Kh7 41. Ne7 bxc4 42. Ng6 1-0

[Event "Florianopolis op 5th"]
[Site "Florianopolis"]
[Date "2019.01.21"]
[Round "1"]
[White "Germano, Paulo Roberto"]
[Black "Souza, Iago Henrique Da Si"]
[Result "0-1"]
[WhiteElo "1566"]
[BlackElo "2060"]
[PlyCount "64"]
[EventDate "2019.01.21"]
[EventType "swiss"]
[EventRounds "10"]
[EventCountry "BRA"]
[SourceTitle "CBM 188 Extra"]
[Source "ChessBase"]
[SourceDate "2019.02.26"]
[SourceVersion "1"]
[SourceVersionDate "2019.02.26"]
[SourceQuality "1"]

1. e4 c6 2. f4 e5 3. Nf3 exf4 4. d4 g5 5. h3 Qe7 6. Bd3 d5 7. e5 Bg7 8. 0-0 h5 9. Nh2 h4 10. Ng4 Nh6 11. Be2 Be6 12. Nxh6 Rxh6 13. Bg4 Nd7 14. c3 0-0-0 15. b4 f6 16. exf6 Rxf6 17. Bf3 Bf5 18. Bd2 Re6 19. Bg4 Qf6 20. a4 Rde8 21. Na3 Kb8 22. Bf3 Qe7 23. Qb3 Nf6 24. b5 Ne4 25. Be1 Ka8 26. Nc2 Ng3 27. Bxg3 hxg3 28. a5 g4 29. Bxd5 Bxc2 30. Qxc2 cxd5 31. Qf5 Re2 32. a6 Rxg2+ 0-1